ENGLISH WORD TREASURE 1

Saved in:
Bibliographic Details
Main Author: අබේවර්ධන,ලලිත් ඒ
Format: Book
Published: ගම්පොල: ලලිත් ප්‍රකාශකයෝ, 2011.
Tags: Add Tag
No Tags, Be the first to tag this record!

MARC

LEADER 00000nam a22000007a 4500
005 20200223142526.0
999 |c 51726  |d 51726 
020 |a 955876700X  
041 |a SIN 
082 |a 425  |b අබේව 
100 |a අබේවර්ධන,ලලිත් ඒ  
245 |a ENGLISH WORD TREASURE 1 
260 |a ගම්පොල:  |b ලලිත් ප්‍රකාශකයෝ,  |c 2011. 
300 |a 200  |b 21 
942 |2 ddc  |c LBK